Red Sea riviera (Record no. 60129)

MARC details
000 -LEADER
fixed length control field 00725cam a2200229 4500
001 - CONTROL NUMBER
control field ABS61418
008 - FIXED-LENGTH DATA ELEMENTS--GENERAL INFORMATION
fixed length control field 000000n1999 000 0 eng u
035 ## - SYSTEM CONTROL NUMBER
System control number (Sirsi) u100500
100 ## - MAIN ENTRY--PERSONAL NAME
Personal name Grogan, B.C.
245 ## - TITLE STATEMENT
Title Red Sea riviera
260 ## - PUBLICATION, DISTRIBUTION, ETC.
Date of publication, distribution, etc. 1999
490 ## - SERIES STATEMENT
Series statement Urban Land
Volume/sequential designation 58(8) August 1999, 34-39,91(7)
520 ## - SUMMARY, ETC.
Summary, etc. Egypt's Red Sea area is experiencing a boom in resort building with the growth of the economy and government efforts to make Egypt a safe tourist destination. Focuses on various new resorts.
590 ## - LOCAL NOTE (RLIN)
Local note ABS
650 ## - SUBJECT ADDED ENTRY--TOPICAL TERM
Topical term or geographic name entry element EGYPT
650 ## - SUBJECT ADDED ENTRY--TOPICAL TERM
Topical term or geographic name entry element RED SEA
650 ## - SUBJECT ADDED ENTRY--TOPICAL TERM
Topical term or geographic name entry element HOTEL INDUSTRY
650 ## - SUBJECT ADDED ENTRY--TOPICAL TERM
Topical term or geographic name entry element GROWTH
650 ## - SUBJECT ADDED ENTRY--TOPICAL TERM
Topical term or geographic name entry element BUILT ENVIRONMENT
690 ## - LOCAL SUBJECT ADDED ENTRY--TOPICAL TERM (OCLC, RLIN)
Topical term or geographic name as entry element OVERSEAS-REST OF THE WORLD
942 ## - ADDED ENTRY ELEMENTS (KOHA)
Suppress in OPAC 0
Holdings
Withdrawn status Lost status Source of classification or shelving scheme Damaged status Not for loan Home library Current library Shelving location Date acquired Total Checkouts Full call number Barcode Date last seen Copy number Price effective from Koha item type
    Dewey Decimal Classification     London London Journal article 15/10/1999   ABS61418 100500-1001 06/08/2019 1 06/08/2019 Journal article